00802nam a2200205Ia 4500003000400000005001700004008004100021020001800062040000900080082001900089100002700108245004800135260004300183300000900226650001600235942004400251952014200295952014200437999001700579OSt20200729144934.0190216s9999||||xx |||||||||||||| ||und|| a9780521423533 coclc a516.352bKIR/C aKirwan, Frances 93851 0aComplex Algebraic Curves /cFrances Kirwan bCambridge Uty Press,c1995.aNew York: a264p aMathematics cBK2ddch516.352iKIR/Ck516.352mKIR/C 00102ddc40708MATHEMATICSaMESbMEScMATd2019-02-20g1356.00l0o516.352 KIR/Cp23583r2019-02-20 00:00:00t1w2019-02-20yBKzGL25R3 00102ddc40708MATHEMATICSaMESbMEScMATd2019-02-20g1356.00l0o516.352 KIR/Cp23584r2019-02-20 00:00:00t2w2019-02-20yBKzGL25R3 c31401d31401